00570 2200205 4500001002100000005001500021035002000036008004100056020001800097082001100115084001700126100002800143245006300171250001400234260003700248300003400285650002300319990001100342990001100353INLIS00000000000048520260428021018 a0010-0621000085260428 0 ind  a979-8422-46-5 a297.03 a297.03 SYE r0 aSyekh Muhammad Al Hamid1 aRisalah Aktual :bHimpunan Risalah Syekh Muhammad Al Hamid aCetakan 1 aBandung :bTrigenda Karya,c1996 a260 hlm :bIlustrasi ;c21 cm 4aKehidupan Beragama a015948 a015949